| 000 | 00523nam a2200181Ia 4500 | ||
|---|---|---|---|
| 008 | 240925s9999 xx 000 0 und d | ||
| 020 | _aNA | ||
| 082 | _a004.22 VER | ||
| 100 | _aEducational Services Group | ||
| 245 | 0 | _aVerilog- XL: training Manual Version 2.3 | |
| 250 | _aNA | ||
| 260 |
_aCalifornia: _bCadence Design Systems _c,1996. |
||
| 300 |
_aVarious pages _bNA _fPhotocopy |
||
| 500 | _aIncludes Index | ||
| 600 | _aComputer Science | ||
| 650 | _aComputer science, information & general works | ||
| 942 | _cBK | ||
| 999 |
_c4733 _d4733 |
||